000 00999nam0a22002891 4500
001 RU\NLR\INFOCOMM_116\5000067892
005 20250613092504.0
035 _a(NLR Aleph) 009162320
090 _a8461645
_c8461645
100 _a20100204d1932 |||y0rusy50 ca
101 0 _aeng
102 _aRU
105 _ay ||||000|y
200 1 _aSocialist reconstruction and the struggle for technique
_fBy N. Bukharin
210 _aΜ.
_cCo-operative publ. soc. of foreign workers in the USSR
_d1932
215 _a32 с.
_d17 см
606 _aТехнический прогресс
_xИстория
_yСССР
_2nlr_sh1
606 _aИндустриализация
_yСССР
_2nlr_sh1
686 _aУ9(2)-55-03
_2rubbk
686 _aТ3(2)714-204
_2rubbk
700 1 _9z01790
_aBucharin
_bN. I.
_f1888-1938
_gNikolaj Ivanovič
_4070
790 1 _9z01700
_aBukharin
_bN.
_gNikolai
_4070
801 1 _aRU
_bNLR
_c20100204
801 0 _aRU
_bNLR
_gPSBO
852 _aNLR
_jЕ-8/577
_y2 экз.
942 _cBOOK
980 _aNB